|
|
|
|
| LEADER |
02215nam a2200601 4500 |
| 001 |
ocn834601865 |
| 003 |
OCoLC |
| 005 |
20171024105657.0 |
| 006 |
m o d |
| 007 |
cr cnu---unuuu |
| 008 |
130301s2013 gw a ob 001 0 ger d |
| 040 |
|
|
|a E7B
|b eng
|e pn
|c E7B
|d OCLCQ
|d OCLCO
|d N$T
|d DG1
|d CUS
|d OCLCQ
|d OCLCF
|d YDXCP
|d OCLCQ
|d COO
|d DEBBG
|d OCLCQ
|d DG1
|d LIP
|d GrThAP
|
| 019 |
|
|
|a 902992038
|
| 020 |
|
|
|a 9783433602867
|q (oBook)
|
| 020 |
|
|
|a 3433602867
|q (electronic bk.)
|
| 020 |
|
|
|a 9783433602843
|q (ePDF)
|
| 020 |
|
|
|a 3433602840
|q (electronic bk.)
|
| 020 |
|
|
|a 9783433602850
|q (ePub)
|
| 020 |
|
|
|a 3433602859
|q (ePub)
|
| 020 |
|
|
|a 9783433602836
|q (eMob)
|
| 020 |
|
|
|a 3433602832
|q (eMob)
|
| 020 |
|
|
|z 9783433029961
|q (print)
|
| 029 |
1 |
|
|a AU@
|b 000052008069
|
| 029 |
1 |
|
|a DEBBG
|b BV041829396
|
| 029 |
1 |
|
|a NZ1
|b 15351147
|
| 029 |
1 |
|
|a CHVBK
|b 480001464
|
| 029 |
1 |
|
|a CHNEW
|b 000927148
|
| 035 |
|
|
|a (OCoLC)834601865
|z (OCoLC)902992038
|
| 050 |
|
4 |
|a TA710
|b .M65 2013eb
|
| 072 |
|
7 |
|a TEC
|x 009150
|2 bisacsh
|
| 082 |
0 |
4 |
|a 624.15136
|2 23
|
| 049 |
|
|
|a MAIN
|
| 100 |
1 |
|
|a Möller, Gerd.
|
| 245 |
1 |
0 |
|a Geotechnik :
|b Bodenmechanik /
|c Gerd Möller.
|
| 250 |
|
|
|a 2. vollständig überarbeitete Aufl.
|
| 260 |
|
|
|a Berlin :
|b Ernst & Sohn,
|c ©2013.
|
| 300 |
|
|
|a 1 online resource (xvii, 516 pages :) :
|b illustrations.
|
| 336 |
|
|
|a text
|b txt
|2 rdacontent
|
| 337 |
|
|
|a computer
|b c
|2 rdamedia
|
| 338 |
|
|
|a online resource
|b cr
|2 rdacarrier
|
| 490 |
1 |
|
|a Bauingenieur-Praxis.
|
| 504 |
|
|
|a Includes bibliographical references and index.
|
| 588 |
0 |
|
|a Online resource; title from PDF title page (Wiley, viewed August 27, 2013).
|
| 650 |
|
0 |
|a Soil mechanics.
|
| 650 |
|
0 |
|a Rock mechanics.
|
| 650 |
|
7 |
|a TECHNOLOGY & ENGINEERING
|x Civil
|x Soil & Rock.
|2 bisacsh
|
| 650 |
|
7 |
|a Rock mechanics.
|2 fast
|0 (OCoLC)fst01099183
|
| 650 |
|
7 |
|a Soil mechanics.
|2 fast
|0 (OCoLC)fst01124463
|
| 655 |
|
4 |
|a Electronic books.
|
| 776 |
0 |
8 |
|i Print version:
|a Möller, Gerd, Prof. Dr.-Ing.
|t Geotechnik.
|b 2. Aufl.
|d Berlin : Ernst & Sohn, ©2013
|z 9783433029961
|w (OCoLC)828716888
|
| 830 |
|
0 |
|a Bauingenieur-Praxis.
|
| 856 |
4 |
0 |
|u https://doi.org/10.1002/9783433602867
|z Full Text via HEAL-Link
|
| 994 |
|
|
|a 92
|b DG1
|